| 000 | 00707nam a2200193 a 4500 | ||
|---|---|---|---|
| 005 | 20230929063604.0 | ||
| 008 | 050502s1999 mx r 000 0 spa d | ||
| 020 | _a9706283641 | ||
| 035 | _aUPN01000138456 | ||
| 049 | _aCG | ||
| 050 | 4 |
_aHB849 _bC6.3 |
|
| 111 | 2 |
_aConferencia Internacional sobre la Población y el Desarrollo _d(1994 : _cEl Cairo, Egipto) _943211 |
|
| 245 | 1 | 0 |
_aEjecución del programa de acción de la conferencia internacional sobre población y desarrollo : _bComité técnico para la revisión de avances CIPD+5. |
| 260 |
_aMéxico : _bCONAPO, _c1999. |
||
| 300 | _a282 p. | ||
| 650 | 4 |
_aPoblación _vCongresos _91181 |
|
| 650 | 4 |
_aDesarrollo de la comunidad _9458 |
|
| 905 | _aLibro | ||
| 999 |
_c110604 _d110604 |
||